Statistics for Most Viewed Rappers on Wikipedia

Click here to take the quiz!

General Stats

  • This quiz has been taken 269 times
  • The average score is 5 of 8

Answer Stats

ViewsRapper% Correct
120 mEminem
89%
83 mTupac Shakur
86%
83 mKanye West
70%
65 mJay Z
67%
53 mSnoop Dogg
63%
88 mLil Wayne
58%
75 mNicki Minaj
28%
72 mWill Smith
8%

Score Distribution

Percentile by Number Answered

Percent of People with Each Score

Your Score History

You have not taken this quiz